AutoCAD 2010 instructor a student guide to complete coverage of AutoCAD’s commands and features
Includes index
Đã lưu trong:
| Hovedforfatter: | |
|---|---|
| Format: | Bog |
| Sprog: | Undetermined |
| Udgivet: |
Burr Ridge, IL
McGraw Hill Higher Education
2010
|
| Fag: | |
| Online adgang: | http://lrc.tdmu.edu.vn/opac/search/detail.asp?aID=2&ID=16202 |
| Tags: |
Tilføj Tag
Ingen Tags, Vær først til at tagge denne postø!
|
| Thư viện lưu trữ: | Trung tâm Học liệu Trường Đại học Thủ Dầu Một |
|---|
| LEADER | 00793nam a2200217Ia 4500 | ||
|---|---|---|---|
| 001 | TDMU_16202 | ||
| 008 | 210410s9999 xx 000 0 und d | ||
| 082 | |a 006.6 | ||
| 090 | |b L200 | ||
| 100 | |a Leach, James A | ||
| 245 | 0 | |a AutoCAD 2010 instructor | |
| 245 | 2 | |b a student guide to complete coverage of AutoCAD’s commands and features | |
| 245 | 0 | |c James A. Leach | |
| 260 | |a Burr Ridge, IL | ||
| 260 | |b McGraw Hill Higher Education | ||
| 260 | |c 2010 | ||
| 300 | |a xxxvi, 1308 p. | ||
| 520 | |a Includes index | ||
| 650 | |a AutoCAD; Engineering graphics; Computer graphics; Kỹ thuật đồ họa; Đồ họa máy tính | ||
| 856 | |u http://lrc.tdmu.edu.vn/opac/search/detail.asp?aID=2&ID=16202 | ||
| 980 | |a Trung tâm Học liệu Trường Đại học Thủ Dầu Một | ||